| 000 -LEADER |
| fixed length control field |
00529nam a2200181Ia 4500 |
| 008 - FIXED-LENGTH DATA ELEMENTS--GENERAL INFORMATION |
| fixed length control field |
200103s 1978 ||||xx |||||||||||||| ||und|| |
| 020 ## - INTERNATIONAL STANDARD BOOK NUMBER |
| International Standard Book Number |
0851741444 |
| 082 ## - DEWEY DECIMAL CLASSIFICATION NUMBER |
| Classification number |
623.82 |
| Item number |
PUR |
| 100 ## - MAIN ENTRY--PERSONAL NAME |
| Personal name |
Pursey, H. J. |
| 245 #0 - TITLE STATEMENT |
| Title |
Merchant ship construction : especially written for the merchant navy |
| 250 ## - EDITION STATEMENT |
| Edition statement |
6th ed. |
| 260 ## - PUBLICATION, DISTRIBUTION, ETC. (IMPRINT) |
| Name of publisher, distributor, etc |
Brown, Son and Ferguson, Ltd. |
| Date of publication, distribution, etc |
1978 |
| Place of publication, distribution, etc |
Glasgow |
| 300 ## - PHYSICAL DESCRIPTION |
| Extent |
xii, 217p. |
| 650 ## - SUBJECT ADDED ENTRY--TOPICAL TERM |
| Topical term or geographic name as entry element |
Refrigerated ships |
| 650 ## - SUBJECT ADDED ENTRY--TOPICAL TERM |
| Topical term or geographic name as entry element |
Hawsepipes |
| 650 ## - SUBJECT ADDED ENTRY--TOPICAL TERM |
| Topical term or geographic name as entry element |
Stregthening for ice navigation |
| 942 ## - ADDED ENTRY ELEMENTS (KOHA) |
| Item type |
Books |